| 000 | 01088nam a22002297a 4500 | ||
|---|---|---|---|
| 001 | 8965 | ||
| 003 | FISKH | ||
| 005 | 20251111150418.0 | ||
| 008 | 251111b cb ||||| |||| 00| 0 eng d | ||
| 020 | _a9780153097850 | ||
| 040 |
_aFISKH _beng _cFISKH _dFISKH |
||
| 050 | _aH86.H37 C65 | ||
| 082 | _a300 | ||
| 100 | _aBoehm, Richard G. | ||
| 245 |
_aCommunities : _bHarcort brace social studies / |
||
| 260 |
_aOrlando : _bHarcourt Brace, _c2002. |
||
| 300 |
_a397, 49 pages : _bcolor illustrations ; _c29 cm |
||
| 520 | _aHarcourt Social Studies: Communities introduces young learners to the concept of communities—how people live, work, and play together. Through engaging stories, colorful illustrations, maps, and photographs, students explore different types of communities (urban, suburban, and rural) and learn about their roles as citizens. The book builds understanding of geography, history, government, and culture at the community level, encouraging respect, cooperation, and social awareness. | ||
| 650 | _aSocial Studies Text | ||
| 942 |
_2ddc _cBK _n0 |
||
| 999 |
_c8965 _d8965 |
||